Disertaciones de un arquitecto/ (Record no. 16)

MARC details
000 -LEADER
campo de control de longitud fija 01255cam a22003611 4500
001 - NÚMERO DE CONTROL
campo de control 8964124
003 - IDENTIFICADOR DE NÚMERO DE CONTROL
campo de control 0454
005 - FECHA Y HORA DE LA ÚLTIMA TRANSACCIÓN
campo de control 20260319135037.0
008 - DATOS DE LONGITUD FIJA--INFORMACIÓN GENERAL
campo de control de longitud fija 780930s1967 mx 000 0 spa
010 ## - NÚMERO DE CONTROL DE LA BIBLIOTECA DEL CONGRESO
Número de control de LC 68100166
035 ## - NÚMERO DE CONTROL DEL SISTEMA
Número de control de sistema 8964124
035 ## - NÚMERO DE CONTROL DEL SISTEMA
Número de control de sistema (OCoLC)4260612
040 ## - FUENTE DE CATALOGACIÓN
Centro catalogador/agencia de origen DLC
Centro/agencia transcriptor NmLcU
Centro/agencia modificador DLC
Lengua de catalogación ISTHMUS
042 ## - CÓDIGO DE AUTENTICACIÓN
Código de autenticación premarc
082 ## - NÚMERO DE LA CLASIFICACIÓN DECIMAL DEWEY
Número de clasificación 720 Ac 37
100 1# - ENTRADA PRINCIPAL--NOMBRE DE PERSONA
Nombre de persona Acevedo, Jesús T;
245 10 - MENCIÓN DEL TÍTULO
Título Disertaciones de un arquitecto/
Mención de responsabilidad, etc. Jesús T. Acevedo.
260 ## - PUBLICACIÓN, DISTRIBUCIÓN, ETC.
Lugar de publicación, distribución, etc. México
Nombre del editor, distribuidor, etc. [Ediciones de Bellas Artes] Instituto Nacional de Bellas Artes, Departamento de Literatura
Fecha de publicación, distribución, etc. [1967]
300 ## - DESCRIPCIÓN FÍSICA
Extensión 102 p.
Dimensiones 22 cm.
336 ## - TIPO DE CONTENIDO
Término de tipo de contenido text
Código de tipo de contenido txt
Fuente rdacontent
337 ## - TIPO DE MEDIO
Nombre/término del tipo de medio unmediated
Código del tipo de medio n
Fuente rdamedia
338 ## - TIPO DE SOPORTE
Nombre/término del tipo de soporte volume
Código del tipo de soporte nc
Fuente rdacarrier
490 0# - MENCIÓN DE SERIE
Mención de serie Colección Ayer y hoy,
Designación de volumen o secuencia 5
500 ## - NOTA GENERAL
Nota general Prólogo de Justino Fernández. Notas de Alfonso Reyes y Federico E. Mariscal.
504 ## - NOTA DE BIBLIOGRAFÍA, ETC.
Nota de bibliografía, etc. Nota Bibliography: p. [17]
600 ## - PUNTO DE ACCESO ADICIONAL DE MATERIA--NOMBRE DE PERSONA
Nombre de persona Jesús T
Fechas asociadas al nombre Acevedo
Subdivisión de forma Arquitectura
Subdivisión general Teoría
610 ## - PUNTO DE ACCESO ADICIONAL DE MATERIA--NOMBRE DE ENTIDAD CORPORATIVA
Fuente del encabezamiento o término Arquitectura
Subdivisión de forma Diseño
648 ## - PUNTO DE ACCESO ADICIONAL DE MATERIA--TÉRMINO CRONOLÓGICO
Fuente del encabezamiento o término Arquitectura
Subdivisión general Arte
655 ## - TERMINO DE INDIZACIÓN--GENERO/FORMA
Fuente del término Arquitectura
906 ## - ELEMENTOS DE DATOS F LOCAL, LDF (RLIN)
a 7
b cbc
c oclcrpl
d u
e ncip
f 19
g y-gencatlg
942 ## - ELEMENTOS DE ENTRADA SECUNDARIOS (KOHA)
Fuente de la clasificación o esquema de estantería Clasificación Decimal Dewey
Tipo de ítem Koha Libros
Suprimir en OPAC No
Parte de ítem 720 Ac 37
Prefijo de la signatura 720 Ac 37
Holdings
Estatus retirado Estado de pérdida Fuente de la clasificación o esquema de estantería Estado de daño No para préstamo Biblioteca de origen Biblioteca actual Ubicación en estantería Fecha de adquisición Fuente de adquisición Número de inventario Total de préstamos Signatura topográfica completa Código de barras Visto por última vez Copia número Precio de reemplazo Tipo de ítem Koha
    Clasificación Decimal Dewey     Biblioteca Gonzalo Peláez Caldas Biblioteca Gonzalo Peláez Caldas Colección general 19/03/2026 Donación 454   720 Ac 37 454 11/12/2025 1 11/12/2025 Libros